000 00287nam a22001337a 4500
008 170303b xxu||||| |||| 00| 0 eng d
020 _a9781416051190
041 _aeng
080 _a616.073
100 _a6
101 _aSHM
245 _aRADILOGIC CLINICS
_cBLAKE.M.A
942 _2udc
_cBK
999 _c6679
_d6679